[Event "POR-chT 52nd"]
[Site "Vila Nova de Gaia"]
[Date "2010.07.30"]
[Round "7.3"]
[White "Suarez Real, Alberto"]
[Black "Andrade, Leonardo"]
[Result "1/2-1/2"]
[WhiteElo "2395"]
[BlackElo "2238"]
[PlyCount "186"]
[EventDate "2010.07.24"]
[EventType "team-tourn"]
[EventRounds "9"]
[EventCountry "POR"]
[SourceTitle "EXT 2011"]
[Source "ChessBase"]
[SourceDate "2010.11.26"]
[SourceVersion "1"]
[SourceVersionDate "2010.11.26"]
[SourceQuality "1"]
[WhiteTeam "Diana"]
[BlackTeam "Mata de Benfica"]
[WhiteTeamCountry "POR"]
[BlackTeamCountry "POR"]

1. e4 c5 2. Nf3 d6 3. d4 cxd4 4. Nxd4 Nf6 5. Nc3 Nc6 6. Bg5 Qb6 7. Nb3 e6 8. Bxf6 gxf6 9. Qd2 a6 10. 0-0-0 Bd7 11. f4 Be7 12. Be2 0-0-0 13. Bh5 Rhf8 14. Rhf1 Na5 15. Nxa5 Qxa5 16. f5 Bc6 17. Bg4 Rg8 18. h3 e5 19. Kb1 Kb8 20. Rf3 d5 21. Nxd5 Qxd2 22. Rxd2 Bxd5 23. exd5 Bc5 24. Rf1 e4 25. c4 Rge8 26. Re2 b5 27. b3 Kc7 28. Rf4 bxc4 29. bxc4 e3 30. Rf1 Re4 31. Rc1 Kd6 32. Rc3 a5 33. Rec2 a4 34. Kc1 Rb8 35. Be2 Bb4 36. c5+ Ke5 37. Rd3 Bd2+ 38. Rdxd2 exd2+ 39. Rxd2 Rd4 40. Bf3 Rc4+ 41. Rc2 Kd4 42. c6 Rxc2+ 43. Kxc2 Kc5 44. Kc3 a3 45. c7 Rc8 46. Kb3 Rxc7 47. Kxa3 Rb7 48. Ka4 Kc4 49. Ka5 Kc5 50. Ka4 Rb6 51. a3 Rb2 52. Ka5 Rb8 53. Ka4 Kc4 54. Ka5 Kc5 55. Ka4 Rb5 56. Be4 Rb2 57. Bf3 Rb6 58. Ka5 Rb8 59. Ka4 Ra8+ 60. Kb3 Rb8+ 61. Kc3 Re8 62. a4 Re3+ 63. Kd2 Ra3 64. Ke2 Rxa4 65. Kf2 Kd6 66. Kg3 Ke5 67. Bh5 Ra7 68. Bf3 Ra3 69. Kg4 Ra4+ 70. Kh5 Kxf5 71. Kh6 Rh4+ 72. Kg7 Ke5 73. Kxf7 Ra4 74. Kg7 Ra7+ 75. Kh6 Rd7 76. Kh5 f5 77. Kg5 Rd6 78. h4 Rg6+ 79. Kh5 Kd6 80. g4 fxg4 81. Bxg4 Kxd5 82. Bf5 Rg1 83. Bxh7 Ke5 84. Kh6 Kf6 85. h5 Ra1 86. Bg6 Ra8 87. Kh7 Kg5 88. Kg7 Ra7+ 89. Bf7 Ra6 90. Be8 Re6 91. Bf7 Re7 92. h6 Rxf7+ 93. Kxf7 Kxh6 1/2-1/2

[Event "POR-chT 52nd"]
[Site "Vila Nova de Gaia"]
[Date "2010.07.27"]
[Round "4.6"]
[White "Andrade, Leonardo"]
[Black "Camacho Collados, Marcos"]
[Result "0-1"]
[WhiteElo "2238"]
[BlackElo "2292"]
[PlyCount "82"]
[EventDate "2010.07.24"]
[EventType "team-tourn"]
[EventRounds "9"]
[EventCountry "POR"]
[SourceTitle "EXT 2011"]
[Source "ChessBase"]
[SourceDate "2010.11.26"]
[SourceVersion "1"]
[SourceVersionDate "2010.11.26"]
[SourceQuality "1"]
[WhiteTeam "Mata de Benfica"]
[BlackTeam "Faro"]
[WhiteTeamCountry "POR"]
[BlackTeamCountry "POR"]

1. c4 Nf6 2. Nc3 g6 3. e4 d6 4. d4 Bg7 5. Nf3 0-0 6. Be2 Na6 7. Bg5 h6 8. Bh4 c6 9. 0-0 Nc7 10. Ne1 e5 11. d5 cxd5 12. cxd5 g5 13. Bg3 b5 14. a3 Bd7 15. Nc2 Qe7 16. Ne3 Rfc8 17. h3 Na6 18. Bg4 Nc5 19. Nf5 Bxf5 20. Bxf5 Rcb8 21. b4 Ncd7 22. Qe2 a6 23. a4 bxa4 24. Rxa4 Nf8 25. Rb1 Qc7 26. Rb3 N8d7 27. Rxa6 Rxa6 28. Qxa6 Nb6 29. Qd3 Bf8 30. h4 Ra8 31. hxg5 hxg5 32. Qe3 Bh6 33. Bh4 Ra1+ 34. Nb1 Qc2 35. Bxg5 Qd1+ 36. Kh2 Qh5+ 37. Kg1 Bxg5 38. Qd3 Ra2 39. f3 Qh4 40. Qf1 Bf4 41. Bh3 Qg3 0-1

[Event "POR-chT 52nd"]
[Site "Vila Nova de Gaia"]
[Date "2010.07.25"]
[Round "2.1"]
[White "Andrade, Leonardo"]
[Black "Ftacnik, Lubomir"]
[Result "0-1"]
[WhiteElo "2238"]
[BlackElo "2551"]
[PlyCount "82"]
[EventDate "2010.07.24"]
[EventType "team-tourn"]
[EventRounds "9"]
[EventCountry "POR"]
[SourceTitle "EXT 2011"]
[Source "ChessBase"]
[SourceDate "2010.11.26"]
[SourceVersion "1"]
[SourceVersionDate "2010.11.26"]
[SourceQuality "1"]
[WhiteTeam "Mata de Benfica"]
[BlackTeam "Gaia"]
[WhiteTeamCountry "POR"]
[BlackTeamCountry "POR"]

1. c4 Nf6 2. g3 c5 3. Bg2 Nc6 4. Nc3 e5 5. e3 d6 6. Nge2 Be6 7. Nd5 Bxd5 8. cxd5 Nb4 9. 0-0 Qd7 10. e4 Be7 11. a3 Nd3 12. Qb3 Nxc1 13. Rfxc1 h5 14. a4 h4 15. Qb5 Qxb5 16. axb5 hxg3 17. hxg3 Bd8 18. Bf3 Ke7 19. Kg2 Bb6 20. b3 Ne8 21. Nc3 Nc7 22. Be2 Rh6 23. Na4 Rah8 24. Nxb6 Rh2+ 25. Kf3 axb6 26. Ra7 Rb8 27. Ke3 f5 28. Rf1 fxe4 29. Kxe4 Ne8 30. Ke3 Kd8 31. f4 exf4+ 32. Rxf4 Nf6 33. Bf3 Kc7 34. Raa4 Re8+ 35. Kd3 Rh3 36. g4 Nxd5 37. Rf7+ Re7 38. Rf8 Nf6 39. Rf4 Nd7 40. R8f5 g6 41. Rf7 Ne5+ 0-1

[Event "POR-chT 50th"]
[Site "Evora"]
[Date "2008.08.02"]
[Round "8"]
[White "Andrade, Leonardo"]
[Black "Barrero Garcia, Carlos"]
[Result "0-1"]
[WhiteElo "2263"]
[BlackElo "2339"]
[PlyCount "120"]
[EventDate "2008.07.26"]
[EventType "tourn"]
[EventRounds "9"]
[EventCountry "POR"]
[SourceTitle "EXT 2009"]
[Source "ChessBase"]
[SourceDate "2008.11.26"]
[SourceVersion "1"]
[SourceVersionDate "2008.11.26"]
[SourceQuality "1"]

1. c4 b6 2. Nf3 Bb7 3. g3 Bxf3 4. exf3 c5 5. d4 cxd4 6. Qxd4 e6 7. Bg2 Nc6 8. Qd1 Rc8 9. 0-0 Na5 10. Nd2 Nxc4 11. Qa4 Na5 12. b4 Nc6 13. b5 Na5 14. Bb2 Nf6 15. Rfc1 Bc5 16. Nb3 Nxb3 17. axb3 0-0 18. Qxa7 Ra8 19. Qb7 Qc8 20. Qxc8 Rfxc8 21. Ra6 Kf8 22. f4 d5 23. Rca1 Rab8 24. Bf3 Bxf2+ 25. Kf1 Rc2 26. Be5 Rbc8 27. Bd1 Rd2 28. Bd6+ Ke8 29. Bb4 Rd4 30. Kxf2 Rxb4 31. Rxb6 Nd7 32. Rc6 Kd8 33. Rac1 Nb6 34. R1c5 Rxc6 35. bxc6 Kc7 36. Ke3 Nc8 37. f5 Ne7 38. fxe6 fxe6 39. Ra5 Nf5+ 40. Kd3 Rd4+ 41. Ke2 Re4+ 42. Kf3 Kxc6 43. Ra7 h5 44. Kf2 h4 45. Bc2 hxg3+ 46. hxg3 Re5 47. Bxf5 Rxf5+ 48. Ke3 Re5+ 49. Kf4 Re4+ 50. Kg5 Re3 51. Ra6+ Kb5 52. Rd6 Kc5 53. Ra6 d4 54. Kf4 e5+ 55. Kf5 d3 56. Ra7 Kd4 57. Rxg7 Rf3+ 58. Kg4 e4 59. Rd7+ Kc3 60. Re7 d2 0-1

[Event "POR-chT 50th"]
[Site "Evora"]
[Date "2008.07.30"]
[Round "5"]
[White "Spraggett, Kevin"]
[Black "Andrade, Leonardo"]
[Result "1-0"]
[WhiteElo "2601"]
[BlackElo "2263"]
[PlyCount "59"]
[EventDate "2008.07.26"]
[EventType "tourn"]
[EventRounds "9"]
[EventCountry "POR"]
[SourceTitle "EXT 2009"]
[Source "ChessBase"]
[SourceDate "2008.11.26"]
[SourceVersion "1"]
[SourceVersionDate "2008.11.26"]
[SourceQuality "1"]

1. Nf3 Nf6 2. c4 g6 3. b3 Bg7 4. Bb2 0-0 5. g3 d6 6. Bg2 c5 7. 0-0 Nc6 8. d3 Rb8 9. Nc3 a6 10. Qd2 b5 11. Rfd1 Qc7 12. Rac1 Bd7 13. Nd5 Nxd5 14. Bxg7 Kxg7 15. cxd5 Nd8 16. h4 Bg4 17. Nh2 Qd7 18. d4 Nb7 19. dxc5 dxc5 20. b4 Bh3 21. bxc5 Bxg2 22. Kxg2 Qc7 23. e4 Rbc8 24. c6 Nd6 25. Qd4+ f6 26. Nf3 h6 27. a4 Rb8 28. axb5 Rxb5 29. Qe3 Rfb8 30. Nd4 1-0

[Event "POR-chT 49th"]
[Site "Evora"]
[Date "2007.07.30"]
[Round "3"]
[White "Andrade, Leonardo"]
[Black "Zawadzki, Stanislaw"]
[Result "1-0"]
[WhiteElo "2266"]
[BlackElo "2403"]
[PlyCount "129"]
[EventDate "2007.07.28"]
[EventType "team-tourn"]
[EventRounds "9"]
[EventCountry "POR"]
[SourceTitle "CBM 119 Extra"]
[Source "ChessBase"]
[SourceDate "2007.09.04"]
[SourceVersion "1"]
[SourceVersionDate "2007.09.04"]
[SourceQuality "1"]

1. c4 e5 2. g3 Nf6 3. Bg2 g6 4. Nc3 Bg7 5. Rb1 a5 6. a3 0-0 7. b4 axb4 8. axb4 d6 9. d3 h6 10. e3 Nc6 11. Nge2 Nh5 12. 0-0 f5 13. f4 Ne7 14. Bd2 Kh8 15. Ra1 Rxa1 16. Qxa1 g5 17. Qa7 Nc6 18. Qa4 exf4 19. gxf4 gxf4 20. Nxf4 Nxf4 21. Rxf4 Ne5 22. Qc2 Ng6 23. Rf2 Qh4 24. Nd5 c6 25. Nf4 Nxf4 26. Rxf4 Qe7 27. b5 Bd7 28. b6 Rg8 29. Qd1 Be5 30. Qf1 Bxf4 31. exf4 Kh7 32. Qd1 Qh4 33. Qf3 Qg4 34. Kf1 Qxf3+ 35. Bxf3 c5 36. Bc3 Bc6 37. Bxc6 bxc6 38. Kf2 Rb8 39. Ba5 Ra8 40. Kf3 Kg8 41. Kg3 Kf7 42. Kh4 Ke6 43. Kh5 Kd7 44. b7 Rb8 45. Kxh6 Rxb7 46. Kg6 Ke6 47. h4 Rb1 48. Bd8 Rb8 49. Bf6 Rb3 50. h5 Rxd3 51. h6 Rh3 52. h7 d5 53. Bg5 Rxh7 54. Kxh7 dxc4 55. Kg6 c3 56. Bf6 c2 57. Bb2 c4 58. Bc1 c3 59. Ba3 c5 60. Bc1 c4 61. Ba3 Kd5 62. Kxf5 Kd4 63. Ke6 Kd3 64. Kd5 Kd2 65. Kxc4 1-0

[Event "POR-chT1"]
[Site "Lisbon"]
[Date "2003.??.??"]
[Round "2.5"]
[White "Andrade, Leonardo"]
[Black "Guerra, Vitor Manuel Vestia"]
[Result "0-1"]
[WhiteElo "2248"]
[BlackElo "2192"]
[PlyCount "46"]
[EventDate "2003.??.??"]
[EventType "team-tourn"]
[EventRounds "9"]
[EventCountry "POR"]
[SourceTitle "EXT 2004"]
[Source "ChessBase"]
[SourceDate "2003.11.25"]
[SourceVersion "1"]
[SourceVersionDate "2003.11.25"]
[SourceQuality "1"]

1. c4 e6 2. g3 d5 3. d4 Nf6 4. Bg2 Be7 5. Nf3 0-0 6. 0-0 c6 7. Qc2 Nbd7 8. Rd1 b5 9. c5 Ne4 10. Nfd2 f5 11. f3 Nxd2 12. Bxd2 Bf6 13. Bf4 e5 14. dxe5 Nxe5 15. Nd2 g5 16. Bxe5 Bxe5 17. e4 Be6 18. a4 a6 19. Nb3 Qf6 20. Rd2 dxe4 21. fxe4 f4 22. gxf4 Qxf4 23. Bf1 Qe3+ 0-1

[Event "POR-chT1"]
[Site "Lisbon"]
[Date "2003.??.??"]
[Round "1.2"]
[White "Suarez Pousa, Diego"]
[Black "Andrade, Leonardo"]
[Result "0-1"]
[WhiteElo "2390"]
[BlackElo "2248"]
[PlyCount "88"]
[EventDate "2003.??.??"]
[EventType "team-tourn"]
[EventRounds "9"]
[EventCountry "POR"]
[SourceTitle "EXT 2004"]
[Source "ChessBase"]
[SourceDate "2003.11.25"]
[SourceVersion "1"]
[SourceVersionDate "2003.11.25"]
[SourceQuality "1"]

1. e4 c5 2. Nc3 d6 3. Nf3 Nc6 4. d4 cxd4 5. Nxd4 Nf6 6. Bc4 e6 7. Be3 Be7 8. Qe2 Qc7 9. Bb3 a6 10. 0-0-0 Na5 11. g4 b5 12. g5 Nxb3+ 13. axb3 Nd7 14. Nf5 exf5 15. Nd5 Qd8 16. exf5 Bb7 17. Rhe1 Bxd5 18. Rxd5 0-0 19. f6 Nxf6 20. gxf6 Bxf6 21. Qd2 Qc7 22. Bd4 Bxd4 23. Qxd4 Rfe8 24. Rd1 Re2 25. c3 Rae8 26. Rxd6 g6 27. h4 Qe7 28. Rd8 Rxd8 29. Qxd8+ Qxd8 30. Rxd8+ Kg7 31. Rd2 Re4 32. Rd4 Rxd4 33. cxd4 Kf6 34. Kd2 Kf5 35. Ke3 f6 36. f4 g5 37. b4 g4 38. d5 Kg6 39. h5+ Kf7 40. f5 Ke7 41. Kf4 Kd6 42. Kxg4 Kxd5 43. Kf4 h6 44. b3 Kd4 0-1

[Event "POR-chT"]
[Site "Lisbon"]
[Date "2002.08.15"]
[Round "5.2"]
[White "Leonardo, Joao Paulo L"]
[Black "Andrade, Leonardo"]
[Result "1/2-1/2"]
[WhiteElo "2237"]
[BlackElo "2259"]
[PlyCount "153"]
[EventDate "2002.08.11"]
[EventType "team-tourn"]
[EventRounds "9"]
[EventCountry "POR"]
[SourceTitle "EXT 2004"]
[Source "ChessBase"]
[SourceDate "2003.11.25"]
[SourceVersion "1"]
[SourceVersionDate "2003.11.25"]
[SourceQuality "1"]

1. e4 c5 2. Nf3 d6 3. Bc4 Nc6 4. c3 Nf6 5. d3 e6 6. Bb3 Be7 7. 0-0 0-0 8. Bg5 h6 9. Bh4 a6 10. Nbd2 b5 11. Re1 Qc7 12. h3 Ne5 13. Nxe5 dxe5 14. Nf3 Bb7 15. Bg3 Bd6 16. Bc2 Rac8 17. Rc1 Nd7 18. Qe2 Rfe8 19. d4 exd4 20. e5 Bxf3 21. gxf3 Be7 22. cxd4 c4 23. d5 Bc5 24. dxe6 fxe6 25. f4 Nf8 26. f5 exf5 27. Bxf5 Rcd8 28. Rcd1 Qf7 29. Qe4 g6 30. Bg4 h5 31. Rxd8 Rxd8 32. e6 Qe7 33. Bf3 Rd4 34. Qe5 Rd2 35. Kg2 Bd6 36. Qxd6 Rxd6 37. Bxd6 Qg5+ 38. Kf1 Nxe6 39. Rxe6 Qf5 40. Re8+ Kg7 41. Kg2 Qg5+ 42. Bg3 h4 43. Re5 Qf6 44. Bh2 Kh6 45. Bg4 b4 46. Re4 c3 47. bxc3 bxc3 48. Bf4+ Kh7 49. Be5 Qc6 50. Bf3 Qc5 51. Rxh4+ Kg8 52. Bd4 Qc4 53. Rh8+ Kf7 54. Rh7+ Ke8 55. Be3 c2 56. Bc1 Qxa2 57. Bc6+ Kf8 58. Rc7 Qa5 59. Rc8+ Ke7 60. Bf3 Qf5 61. Rc7+ Ke6 62. Rc6+ Ke7 63. Rxa6 Qd3 64. Rc6 Kd7 65. Be3 Ke7 66. Rc5 Kf7 67. h4 Ke7 68. Bg5+ Ke6 69. Rc7 Qf5 70. Rc4 Kd6 71. Kg3 Qd3 72. Bf4+ Ke6 73. Rc5 Kf7 74. Be3 Qd6+ 75. Kg2 Qxc5 76. Bxc5 c1Q 77. Be3 1/2-1/2

[Event "POR-chT"]
[Site "Lisbon"]
[Date "2002.08.11"]
[Round "1.2"]
[White "Andrade, Leonardo"]
[Black "Caselas Cabanas, Jacobo"]
[Result "0-1"]
[WhiteElo "2259"]
[BlackElo "2356"]
[PlyCount "80"]
[EventDate "2002.08.11"]
[EventType "team-tourn"]
[EventRounds "9"]
[EventCountry "POR"]
[SourceTitle "EXT 2004"]
[Source "ChessBase"]
[SourceDate "2003.11.25"]
[SourceVersion "1"]
[SourceVersionDate "2003.11.25"]
[SourceQuality "1"]

1. c4 e5 2. g3 Nc6 3. Bg2 g6 4. Nc3 Bg7 5. d3 d6 6. Rb1 a5 7. a3 Nf6 8. b4 axb4 9. axb4 0-0 10. e3 Bg4 11. Nge2 Qd7 12. b5 Nd8 13. h3 Be6 14. Nd5 Ne8 15. f4 Kh8 16. Bb2 f6 17. d4 Rb8 18. Bc3 Bf5 19. Rb2 Ra8 20. dxe5 fxe5 21. fxe5 dxe5 22. Rd2 Nd6 23. c5 Nc4 24. Nb6 Qxb5 25. Nxa8 Nxe3 26. Rxd8 Nxg2+ 27. Kf2 Qxc5+ 28. Bd4 exd4 29. Rxf8+ Qxf8 30. Kxg2 Be4+ 31. Kg1 Bxh1 32. Kxh1 Qxa8 33. Qd3 c5 34. Nf4 b5+ 35. Kh2 c4 36. Nxg6+ hxg6 37. Qxg6 Qa2+ 38. Kh1 Qe2 39. Qg5 Qe4+ 40. Kh2 d3 0-1

[Event "POR Cup sf"]
[Site "Porto"]
[Date "2001.09.15"]
[Round "2.3"]
[White "Ferreira, Antonio"]
[Black "Andrade, Leonardo"]
[Result "1-0"]
[WhiteElo "2216"]
[BlackElo "2230"]
[PlyCount "67"]
[EventDate "2001.09.17"]
[EventType "team-tourn"]
[EventRounds "1"]
[EventCountry "POR"]
[SourceTitle "EXT 2002"]
[Source "ChessBase"]
[SourceDate "2001.11.25"]
[SourceVersion "1"]
[SourceVersionDate "2001.11.25"]
[SourceQuality "1"]

1. e4 c5 2. Nf3 d6 3. d4 cxd4 4. Nxd4 Nf6 5. Nc3 Nc6 6. Bg5 e6 7. Qd2 a6 8. 0-0-0 h6 9. Be3 Nxd4 10. Bxd4 b5 11. Bc5 Bb7 12. Bxd6 Bxd6 13. Qxd6 Qxd6 14. Rxd6 b4 15. Rb6 bxc3 16. Rxb7 Nxe4 17. f3 cxb2+ 18. Kxb2 Nf2 19. Rg1 Nd1+ 20. Kb3 Ne3 21. Bxa6 0-0 22. Bd3 Ra5 23. a4 Rc8 24. g3 Rh5 25. h4 Rhc5 26. Rc1 Rc3+ 27. Kb2 f5 28. a5 Nc4+ 29. Bxc4 R3xc4 30. a6 R8c7 31. Rxc7 Rxc7 32. Ra1 Ra7 33. Kb3 e5 34. Kb4 1-0

[Event "POR-chT 43rd"]
[Site "Barreiro"]
[Date "2001.06.23"]
[Round "6"]
[White "Sanz Alonso, Francisco Javier"]
[Black "Andrade, Leonardo"]
[Result "1-0"]
[WhiteElo "2411"]
[BlackElo "2230"]
[PlyCount "69"]
[EventDate "2001.06.14"]
[EventType "team-tourn"]
[EventRounds "9"]
[EventCountry "POR"]
[SourceTitle "EXT 2002"]
[Source "ChessBase"]
[SourceDate "2001.11.25"]
[SourceVersion "1"]
[SourceVersionDate "2001.11.25"]
[SourceQuality "1"]

1. e4 c5 2. Nf3 d6 3. d4 cxd4 4. Nxd4 Nf6 5. Nc3 Nc6 6. f4 Qb6 7. Nb3 e6 8. Qf3 Be7 9. Be3 Qc7 10. Bd3 a6 11. 0-0 0-0 12. g4 b5 13. Rae1 Bb7 14. g5 Nd7 15. Qh3 Nb4 16. f5 exf5 17. exf5 Nxd3 18. cxd3 Rfe8 19. Nd4 Bf8 20. g6 Nf6 21. Bg5 h6 22. Bxf6 gxf6 23. gxf7+ Qxf7 24. Ne6 Rac8 25. Rf4 Kh7 26. Rg4 Rc5 27. Rg6 Re5 28. Rxe5 dxe5 29. Qh5 Re7 30. Nd8 Qe8 31. Nxb7 Qc6 32. Ne4 Rf7 33. Rxh6+ Bxh6 34. Qxf7+ Bg7 35. Nbc5 1-0

[Event "Lisbon-ch fin"]
[Site "Odivelas"]
[Date "2001.??.??"]
[Round "4"]
[White "Andrade, Leonardo"]
[Black "Conceicao, Paulo"]
[Result "1-0"]
[WhiteElo "2230"]
[BlackElo "2082"]
[PlyCount "95"]
[EventDate "2001.??.??"]
[EventType "tourn"]
[EventRounds "11"]
[EventCountry "POR"]
[SourceTitle "EXT 2002"]
[Source "ChessBase"]
[SourceDate "2001.11.25"]
[SourceVersion "1"]
[SourceVersionDate "2001.11.25"]
[SourceQuality "1"]

1. c4 Nf6 2. Nf3 e6 3. g3 d5 4. Bg2 c6 5. d4 Nbd7 6. 0-0 Bd6 7. Qc2 0-0 8. Nbd2 Re8 9. b3 e5 10. cxd5 cxd5 11. dxe5 Nxe5 12. Bb2 Bg4 13. Nxe5 Bxe5 14. Bxe5 Rxe5 15. Nf3 Re7 16. h3 Bh5 17. Rac1 Ne4 18. e3 Re8 19. Qd3 Qb6 20. Qxd5 Bxf3 21. Bxf3 Rad8 22. Qf5 g6 23. Qf4 Nd2 24. Rfd1 Rd6 25. Bg2 Red8 26. Qe5 Qa6 27. a4 Nxb3 28. Rxd6 Qxd6 29. Qxd6 Rxd6 30. Rc8+ Kg7 31. Bxb7 Rd7 32. Bc6 Re7 33. Kg2 Nc5 34. Bb5 Ne6 35. h4 Nc7 36. Bc4 Ne8 37. Rc5 Nd6 38. Bd5 Ne4 39. Bxe4 Rxe4 40. Ra5 Re7 41. Ra6 Rc7 42. Kf3 Rb7 43. Ke4 Rd7 44. Rc6 Rb7 45. a5 Rd7 46. f3 Kf8 47. Kf4 Ke7 48. e4 1-0

[Event "Lisbon-ch fin"]
[Site "Odivelas"]
[Date "2001.??.??"]
[Round "2"]
[White "Andrade, Leonardo"]
[Black "Rodrigues, Afonso"]
[Result "1/2-1/2"]
[WhiteElo "2230"]
[BlackElo "2084"]
[PlyCount "100"]
[EventDate "2001.??.??"]
[EventType "tourn"]
[EventRounds "11"]
[EventCountry "POR"]
[SourceTitle "EXT 2002"]
[Source "ChessBase"]
[SourceDate "2001.11.25"]
[SourceVersion "1"]
[SourceVersionDate "2001.11.25"]
[SourceQuality "1"]

1. d4 e6 2. g3 d5 3. c4 Nf6 4. Bg2 c6 5. Nf3 Be7 6. 0-0 0-0 7. Qc2 a5 8. Nbd2 Nbd7 9. e4 Nxe4 10. Nxe4 dxe4 11. Qxe4 Nf6 12. Qc2 Bd7 13. Ne5 Rc8 14. a4 Qb6 15. c5 Qd8 16. Nc4 Nd5 17. Bd2 Ra8 18. Bc3 Qc7 19. Qd2 Bd8 20. Rfe1 Re8 21. Bxd5 cxd5 22. Nb6 Ra6 23. Bxa5 Qc6 24. b4 Bxb6 25. cxb6 Qd6 26. b5 Raa8 27. Rec1 Rec8 28. Rc7 Rxc7 29. bxc7 b6 30. Bb4 Qxc7 31. Rc1 Qa7 32. Qf4 Qxa4 33. Qd6 Qxb5 34. h4 h6 35. h5 Ra4 36. Qf8+ Kh7 37. Bd6 Rc4 38. Ra1 Ra4 39. Rc1 Rc4 40. Ra1 Ra4 41. Rxa4 Qxa4 42. Be5 Qd1+ 43. Kg2 Qg4 44. Qxf7 Bb5 45. f3 Qg5 46. g4 Qd2+ 47. Kg3 Qe1+ 48. Kg2 Qf1+ 49. Kg3 Qg1+ 50. Kf4 Qc1+ 1/2-1/2

[Event "Lisbon-ch fin"]
[Site "Odivelas"]
[Date "2001.??.??"]
[Round "3"]
[White "Cruz, Paulo A Pereira"]
[Black "Andrade, Leonardo"]
[Result "0-1"]
[WhiteElo "2003"]
[BlackElo "2230"]
[PlyCount "64"]
[EventDate "2001.??.??"]
[EventType "tourn"]
[EventRounds "11"]
[EventCountry "POR"]
[SourceTitle "EXT 2002"]
[Source "ChessBase"]
[SourceDate "2001.11.25"]
[SourceVersion "1"]
[SourceVersionDate "2001.11.25"]
[SourceQuality "1"]

1. e4 c5 2. Nc3 Nc6 3. g3 g6 4. Bg2 Bg7 5. d3 d6 6. Be3 Rb8 7. Qd2 b5 8. Nge2 Nd4 9. 0-0 e6 10. f4 Ne7 11. h3 0-0 12. Nd1 b4 13. g4 f5 14. Ng3 Qc7 15. exf5 exf5 16. g5 Bb7 17. c3 bxc3 18. bxc3 Ne6 19. Bxb7 Qxb7 20. d4 cxd4 21. cxd4 Nd5 22. Ne2 Qb4 23. Qxb4 Rxb4 24. Bd2 Nxd4 25. Bxb4 Nxe2+ 26. Kf2 Bxa1 27. Bxd6 Re8 28. Ne3 Bd4 29. Kxe2 Rxe3+ 30. Kd2 Rxh3 31. Rb1 Bb6 32. Rb5 Nc3 0-1

[Event "POR-ch 56th "]
[Site "Barreiro"]
[Date "2000.09.07"]
[Round "6"]
[White "Baptista, Paulo"]
[Black "Andrade, Leonardo"]
[Result "0-1"]
[WhiteElo "2132"]
[BlackElo "2208"]
[PlyCount "80"]
[EventDate "2000.09.02"]
[EventType "swiss"]
[EventRounds "9"]
[EventCountry "POR"]
[SourceTitle "CBM 077 Extra"]
[Source "ChessBase"]
[SourceDate "2000.09.14"]
[SourceVersion "1"]
[SourceVersionDate "2000.09.14"]
[SourceQuality "1"]

1. e4 c5 2. c3 Nf6 3. e5 Nd5 4. d4 cxd4 5. Nf3 e6 6. cxd4 d6 7. Nc3 dxe5 8. dxe5 Bb4 9. Bd2 0-0 10. Nxd5 Qxd5 11. Bxb4 Qe4+ 12. Be2 Qxb4+ 13. Qd2 Qb6 14. 0-0 Bd7 15. h4 Bc6 16. h5 h6 17. g4 Rd8 18. Qf4 Qxb2 19. Rae1 Bxf3 20. Bxf3 Nc6 21. Re2 Qb5 22. Re4 Rd5 23. Rfe1 Rad8 24. g5 hxg5 25. Qxg5 f6 26. Qg4 Nxe5 27. Qxe6+ Kh8 28. Rf4 Nxf3+ 29. Rxf3 Rg5+ 30. Rg3 Rxg3+ 31. fxg3 Qc5+ 32. Kf1 Qxh5 33. Qe3 Qh1+ 34. Kf2 Qh2+ 35. Kf1 Qxa2 36. Qe7 Qc4+ 37. Re2 Qd5 38. Kg1 Qd6 39. Qe3 Qd4 40. Rh2+ Kg8 0-1

[Event "POR-ch 56th "]
[Site "Barreiro"]
[Date "2000.09.05"]
[Round "4"]
[White "Rodrigues, Rui"]
[Black "Andrade, Leonardo"]
[Result "0-1"]
[WhiteElo "2112"]
[BlackElo "2208"]
[PlyCount "68"]
[EventDate "2000.09.02"]
[EventType "swiss"]
[EventRounds "9"]
[EventCountry "POR"]
[SourceTitle "CBM 077 Extra"]
[Source "ChessBase"]
[SourceDate "2000.09.14"]
[SourceVersion "1"]
[SourceVersionDate "2000.09.14"]
[SourceQuality "1"]

1. d4 Nf6 2. c4 g6 3. Nc3 Bg7 4. Nf3 0-0 5. g3 d6 6. Bg2 c5 7. 0-0 Nc6 8. d5 Na5 9. Nd2 a6 10. Qc2 Rb8 11. b3 e5 12. dxe6 Bxe6 13. Bb2 b5 14. cxb5 axb5 15. Rfd1 Bf5 16. e4 Bg4 17. Nf3 Nc6 18. Qd3 Bxf3 19. Qxf3 Nd4 20. Qd3 Nd7 21. Rd2 c4 22. Qe3 b4 23. Rxd4 bxc3 24. Bxc3 cxb3 25. Rdd1 Ne5 26. axb3 Rxb3 27. Rac1 Qb8 28. Qe1 Qb6 29. Bd2 Nf3+ 30. Bxf3 Bd4 31. Rb1 Bxf2+ 32. Qxf2 Rxb1 33. Qxb6 Rxb6 34. Be2 Rb2 0-1

[Event "Lisbon Summer op"]
[Site "Lisbon"]
[Date "2000.08.25"]
[Round "5"]
[White "Andrade, Leonardo"]
[Black "Galego, Luis"]
[Result "0-1"]
[WhiteElo "2208"]
[BlackElo "2419"]
[PlyCount "98"]
[EventDate "2000.08.21"]
[EventType "swiss"]
[EventRounds "10"]
[EventCountry "POR"]
[SourceTitle "EXT 2001"]
[Source "ChessBase"]
[SourceDate "2000.11.22"]
[SourceVersion "1"]
[SourceVersionDate "2000.11.22"]
[SourceQuality "1"]

1. d4 Nf6 2. Nf3 e6 3. c4 Bb4+ 4. Bd2 Qe7 5. g3 0-0 6. Bg2 Bxd2+ 7. Nbxd2 d6 8. e4 e5 9. d5 a5 10. 0-0 Na6 11. b3 Nc5 12. Re1 Bd7 13. a3 c6 14. Qe2 cxd5 15. exd5 Bf5 16. b4 Na6 17. c5 axb4 18. cxd6 Qxd6 19. Qxe5 Qxe5 20. Rxe5 Bd7 21. Nb3 bxa3 22. Rxa3 Nb4 23. Rxa8 Rxa8 24. Nfd4 Rc8 25. Bf3 Kf8 26. Kg2 b6 27. Nd2 Rc1 28. N4b3 Rc3 29. Nd4 Rd3 30. N2b3 Ba4 31. Re3 Rxe3 32. fxe3 Nbxd5 33. e4 Ne3+ 34. Kf2 Neg4+ 35. Kg1 Ne5 36. Bg2 g6 37. Kf1 Ke7 38. Ke2 Kd6 39. Kd2 Bd7 40. Kc3 Nfg4 41. h4 Nf6 42. Kb4 Nh5 43. Ne2 Nc6+ 44. Kc3 Bg4 45. Nbc1 b5 46. Kb3 f6 47. Kc3 b4+ 48. Kb3 Bxe2 49. Nxe2 Kc5 0-1

[Event "Lisbon Summer op"]
[Site "Lisbon"]
[Date "2000.08.22"]
[Round "2"]
[White "Horvath, Jozsef"]
[Black "Andrade, Leonardo"]
[Result "1-0"]
[WhiteElo "2558"]
[BlackElo "2208"]
[PlyCount "51"]
[EventDate "2000.08.21"]
[EventType "swiss"]
[EventRounds "10"]
[EventCountry "POR"]
[SourceTitle "EXT 2001"]
[Source "ChessBase"]
[SourceDate "2000.11.22"]
[SourceVersion "1"]
[SourceVersionDate "2000.11.22"]
[SourceQuality "1"]

1. Nf3 Nf6 2. c4 g6 3. g3 Bg7 4. Bg2 0-0 5. 0-0 d6 6. Nc3 c5 7. d4 Na6 8. b3 Qa5 9. Bb2 cxd4 10. Nxd4 Qh5 11. e3 Bg4 12. Qd2 Bh3 13. Bxb7 e5 14. Ndb5 d5 15. f3 d4 16. exd4 exd4 17. Nxd4 Bxf1 18. Bxa8 Bxc4 19. Bc6 Bd5 20. Nxd5 Nxd5 21. Re1 Nab4 22. Bxd5 Nxd5 23. Nc6 Bxb2 24. Qxb2 Qg5 25. Qd4 Nf6 26. f4 1-0